000 01298nam a2200301 a 4500
003 BLK
005 20250106110759.0
008 211213b bul|||||r ||||||| ||bul||
020 _a9786191998685
_q3800083833284
040 _aBLK
041 _aBUL
_cBUL
080 _aАнглийска литература
_b821.111
_x-93-34
_z821.111-93-34
100 _aУайт, Катрин
_eпърви автор
_9484483
139 _aУайт, Катрин
_bУ 14
245 1 0 _aСкъпи Дядо Коледа!
_cтекст Катрин Уайт ; ил. Полона Ловсин ; прев. от англ. Албена Раленкова.
257 _aGBR
260 _aСофия
_bФют
_c2022
300 _a26 с.
_bс цв. ил.
_c26 см + 2 л. бланки за писма
380 _aDX
500 _aОриг. загл.: Dear Santa / Kathryn White Възприетата форма на името на ил. Полона Ловсин е Полона Ловшин
700 _aЛовсин, Полона
_eил.
_9484484
700 _aМитренцева, Екатерина Христева
_9270859
852 _aЦб ІІ 31992
_bЦб
856 _i0.00
_ldisable
942 _cKNG
_n0
_s1
_015
944 _aED
_c2023-07-11
_k30551
_lБояна Костадинова
999 _c484523
_d484523
999 _d484523